000 01275namaa2200313 cb4500
001 BV005305351
003 DE-70
005 20250129141520.0
007 tu
007 7
008 920527s1980 a||| |||| 00||| und d
020 _a9789004682481
_9978-90-04-68248-1
024 _a9789004682481
_a978-90-04-68248-1
040 _cRU-10907106
041 _aeng
100 _aÇağatay, Selin (Sonstige); Ghit, Alexandra (Sonstige); Gnydiuk, Olga (Sonstige); Helfert, Veronika (Sonstige); Masheva, Ivelina (Sonstige); Popova, Zhanna (Sonstige); Tesija, Jelena (Sonstige); Varsa, Eszter (Sonstige); Zimmermann, Susan (Sonstige)
_4au
_965635
245 _aThrough the Prism of Gender and Work
_bWomen's Labour Struggles in Central and Eastern Europe and Beyond, 19th and 20th Centuries
264 _aLeiden
_bBrill
_c202
300 _a569 Seiten
336 _2rdacontent
_btxt
_aText
337 _2rdamedia
_bbc
_aComputermedien
338 _2rdacarrier
_bcr
_aOnline Ressource
490 _aStudies in Global Social History
_v51
500 _aE-Book / Open Access
506 _afrei zugänglich / Bitte beachten Sie die Lizenzbestimmungen im Dokument
655 _aOpen Access
856 _zfrei zugänglich
_uhttps://brill.com/display/title/68995
942 _cEB
_2z
999 _c72076
_d72076